[Event "Wachtebeke op"]
[Site "Wachtebeke"]
[Date "2022.02.28"]
[Round "4"]
[White "De Ruiter, Michiel"]
[Black "De Winter, Arthur"]
[Result "0-1"]
[WhiteElo "1711"]
[BlackElo "2122"]
[PlyCount "90"]
[EventDate "2022.02.26"]
[EventType "swiss"]
[EventRounds "9"]
[EventCountry "BEL"]
[SourceTitle "CBM 207 Extra"]
[Source "ChessBase"]
[SourceDate "2022.05.31"]
[SourceVersion "1"]
[SourceVersionDate "2022.05.31"]
[SourceQuality "1"]

1. d4 Nf6 2. c4 g6 3. Nc3 Bg7 4. e4 0-0 5. Be3 d6 6. f3 c5 7. dxc5 dxc5 8. Qxd8 Rxd8 9. e5 Ne8 10. f4 b6 11. Nf3 Nc6 12. Be2 f6 13. exf6 Nxf6 14. Ne5 Nxe5 15. fxe5 Ng4 16. Bxg4 Bxg4 17. Nd5 Bxe5 18. Nxe7+ Kg7 19. Nd5 Bxb2 20. Rb1 Be5 21. Rc1 Be6 22. Nf4 Bf7 23. 0-0 Bd4 24. Rfe1 Bxe3+ 25. Rxe3 Rd7 26. Ne6+ Bxe6 27. Rxe6 Rf8 28. Rce1 Rd2 29. Re7+ Rf7 30. R1e2 Rd1+ 31. Re1 Rxe1+ 32. Rxe1 Rd7 33. Re2 Kf6 34. Kf2 Rd3 35. g4 Rd4 36. g5+ Kxg5 37. Re7 Rd2+ 38. Kf3 Rxa2 39. Rxh7 Ra4 40. h4+ Kf6 41. Kg3 Rxc4 42. Rxa7 b5 43. Rb7 b4 44. Rb5 Kf5 45. Rb8 Rc3+ 0-1